All Current European Heads of Government - Statistics

General Stats
  • This quiz has been taken 64 times
  • The average score is 15 of 45
Answer Stats
Country Official Title Head of Government % Correct
Ukraine President Volodymyr Zelenskyy
92%
Russia President Vladimir Putin
88%
United Kingdom Prime Minister Keir Starmer
86%
Germany Chancellor Olaf Scholz
86%
France President Emmanuel Macron
84%
Vatican City Pope Francis
80%
Italy Prime Minister Giorgia Meloni
80%
Belarus President Alexander Lukashenko
73%
Hungary Prime Minister Viktor Orbán
73%
Spain Prime Minister Pedro Sánchez
59%
Poland Prime Minister Donald Tusk
55%
Albania Prime Minister Edi Rama
41%
Denmark Prime Minister Mette Frederiksen
41%
Slovakia Prime Minister Robert Fico
37%
Monaco Sovereign Prince Albert II
35%
Netherlands Prime Minister Dick Schoof
35%
Sweden Prime Minister Ulf Kristersson
35%
Serbia President (de facto) / Prime Minister (de jure) Aleksandar Vučić / Miloš Vučević
33%
Belgium Prime Minister Alexander de Croo
29%
Moldova President (de facto) / Prime Minister (de jure) Maia Sandu / Dorin Recean
27%
Portugal Prime Minister Luís Montenegro
24%
Ireland Taoiseach Simon Harris
22%
Norway Prime Minister Jonas Gahr Støre
20%
Greece Prime Minister Kyriakos Mitsotakis
20%
Czech Republic Prime Minister Petr Fiala
20%
Kosovo Prime Minister Albin Kurti
18%
Liechtenstein Prince Regent / Hereditary Prince (de facto) Hans-Adam II / Alois
18%
Estonia Prime Minister Kristen Michal
16%
Finland Prime Minister Petteri Orpo
16%
Bosnia and Herzegovina Chairwoman of the Council of Ministers Borjana Krišto
14%
Slovenia Prime Minister Robert Golob
14%
Austria Acting Chancelor Alexander Schallenburg
12%
Romania President (de facto) / Prime Minister (de jure) Kaus Iohannis / Marcel Ciolacu
12%
Croatia Prime Minister Andrej Plenković
10%
Andorra Prime Minister Espot Zamora
10%
Luxembourg Prime Minister Luc Frieden
10%
Malta Prime Minister Robert Abela
10%
Latvia Prime Minister Evika Silina
8%
Lithuania Prime Minister Gintautas Paluckas
8%
Iceland Prime Minister Kristrún Frostadóttir
8%
Montenegro Prime Minister Milojko Spajić
8%
Bulgaria Prime Minister Rosen Zhelyazkov
8%
North Macedonia Prime Minister Hristijan Mickoski
6%
Switzerland Federal Council President Karin Keller-Sutter
4%
San Marino Sec. for Foreign and Political Affairs Luca Beccari
4%
No matching quizzes found
Score Distribution
Percent of People with Each Score
Percentile by Number Answered
Your Score History
You have not taken this quiz